000 00492nam a2200181Ia 4500
001 2651
005 20260306144822.0
008 260306t2005||||xx |||||||||||||| ||spa||
041 _aESP
082 _a618.9289142
_bC24
100 _aCampos Guevara, Laura
_eAUT
245 0 _aMódulo educativo formativo para niños/as y adolescentes en situación de alto riesgo social
260 _c2005
300 _a186 páginas :
_ccm.
650 _aGEN
654 _aCPS
942 _cLIB
_dJUS
_fJUS
_2ddc
_n
999 _c2651
_d2651